000 00650nam a2200277Ia 4500
005 20260324151025.0
008 008 260324s9999 xx 000 0 eng d
020 _a9781003156154
037 _aEBOOK
040 _aCRL
040 _beng
040 _cCRL
041 _2eng
041 _aeng
084 _qCRL
100 _aEdwin A. Pratt
_91228460
245 2 _aA History of Inland Transport and Communication
260 _bTaylor and Francis
260 _c1912
365 _a
365 _b255
856 _uhttp://www.taylorfrancis.com/books/9781003156154
942 _cEBOOK
999 _c1838879
_d1838879